000 01281nam a2200241 i 4500
001 77851
003 ES-MaACL
005 20250715043853.0
007 t|
008 041111s1903 sp ||||1| spa d
080 _a061.21(461.1) Ateneo (047.32)
110 2 _aAteneo de Madrid.
_eisb
_91875
245 1 0 _aReglamento del Ateneo Científico, Literario y Artístico de Madrid.
260 _aMadrid :
_b[s.n.],
_c1903
_f(Sucesores de Rivedeneyra)
300 _a50 páginas ;
_c12 cm.
505 0 _aReglamento del Ateneo [fechado en 1º de enero de 1900]. Acuerdos que regulan el reparto de billetes de convite para las conferencias y veladas. Reglamento por el que se han de regir los concursos del premio Charro-Hidalgo y Díaz Molín. Reglamento por el que se han de regir los concursos del premio Felipe Benicio Navarro
610 2 4 _aAteneo de Madrid-
_vEstatutos y reglamentos.
_91918
610 2 _aAteneo de Madrid-
_vObras digitalizadas.
_91930
852 _aES-MaACL
_j2184-F-9
_q Ejemplar fotocopiado
_cDEPOF
_zRevisado enlace: 23 de abril de 2025
856 4 _uhttp://www.ateneodemadrid.net/biblioteca_digital/folletos/Reglamento-1903.pdf
_yVersión en línea
_z(Colección digital del Ateneo de Madrid)
942 _2udc
_cFOLLETOS
_n0
999 _c77851
_d77851